Vista normal Vista MARC

Entrada Materia (personas)

Número de registros utilizados en: 1

001 - CONTROL NUMBER

  • control field: 77113

003 - CONTROL NUMBER IDENTIFIER

  • control field: Co-BoUCM

005 - DATE AND TIME OF LATEST TRANSACTION

  • control field: 20160511114815.0

008 - FIXED-LENGTH DATA ELEMENTS

  • fixed length control field: 160511|| aca||aabn | a|a d

040 ## - CATALOGING SOURCE

  • Original cataloging agency: Co-BoUCM
  • Transcribing agency: Co-BoUCM

100 ## - HEADING--PERSONAL NAME

  • Personal name: Toullier, C.-B.-M.
  • Dates associated with a name: 1752-1835
  • Fuller form of name: (Charles Bonaventure Marie)

670 ## - SOURCE DATA FOUND

  • Source citation: Work cat.: (Co-BoUCM): Toullier, C.-B.-M. 1752-1835 (Charles Bonaventure Marie), Le Droit Civil Français, suivant l’ ordre du Code. Ouvrage dans lequel on a taché de réunir la théorie à la pratique Le Droit Civil expliqué suivant l’ordre des Articles du Code, 1833-1840